00354pab a2200145 454500008004000000100001800040245004500058260000900103300001300112362000800125650002200133650001500155700002200170773001600192180718b2014 xxu||||| |||| 00| 0 eng d aSarmah, Etali aAccelerating rural employment generation c2014 ap.16-19. aOct aRural development aEmployment aBordoloi, Bedanga aKurukshetra